Dans quels départements sont ces villes d'Occitanie ? - Statistiques

Statistiques générales
  • Ce quiz a été pris 93 fois
  • Le résultat moyen est 19 sur 26
Statistiques - réponses
Hint Réponse % Correct
Toulouse Haute Garonne
97%
Montpellier Hérault
93%
Perpignan Pyrénées Orientales
91%
Nîmes Gard
90%
Rodez Aveyron
83%
Alès Gard
81%
Albi Tarn
81%
Sète Hérault
79%
Montauban Tarn et Garonne
79%
Blagnac Haute Garonne
78%
Tarbes Hautes Pyrénées
78%
Carcassonne Aude
76%
Auch Gers
76%
Béziers Hérault
76%
Millau Aveyron
69%
Muret Haute Garonne
69%
Agde Hérault
69%
Castres Tarn
69%
Narbonne Aude
67%
Colomiers Haute Garonne
67%
Tournefeuille Haute Garonne
62%
Frontignan Hérault
53%
Lunel Hérault
52%
Plaisance du Touch Haute Garonne
50%
Cugnaux Haute Garonne
50%
Castelnau le Lez Hérault
48%
Aucun quiz correspondant
Distribution des résultats
% des personnes avec chaque résultat
Percentile par nombre de réponses
Votre historique - résultats
Vous n’avez pas pris ce quiz